[Event "Europa ch s-16"]
[Site "Herceg Novi MNE"]
[Date "2008.09.18"]
[Round "4.13"]
[White "Mammadov, Ayaz"]
[Black "Petrisor, Adrian-Marian"]
[Result "1-0"]
[WhiteElo "2346"]
[BlackElo "2168"]
[PlyCount "39"]
[EventDate "2008.09.15"]
[EventType "swiss"]
[EventRounds "9"]
[Source "lmi"]
[SourceDate "2008.09.15"]

1. e4 e5 2. Nf3 Nc6 3. Bc4 Nf6 4. d3 Bc5 5. c3 d6 6. Nbd2 O-O 7. h3 a6 8. Bb3
b5 9. Nf1 d5 10. Qe2 dxe4 11. dxe4 Qe7 12. Ng3 Be6 13. Bg5 h6 14. Bh4 Rab8 15.
Nh5 g5 16. Nxg5 Nxh5 17. Nxe6 Qxh4 18. Nxc5 Nf4 19. Qf3 Qe7 20. Nd3 1-0

[Event "Europa ch s-16"]
[Site "Herceg Novi MNE"]
[Date "2008.09.18"]
[Round "4.14"]
[White "Stella, Andrea"]
[Black "Kociscak, Jiri"]
[Result "1/2-1/2"]
[WhiteElo "2209"]
[BlackElo "2324"]
[PlyCount "70"]
[EventDate "2008.09.15"]
[EventType "swiss"]
[EventRounds "9"]
[Source "lmi"]
[SourceDate "2008.09.15"]

1. d4 Nf6 2. c4 e6 3. Nc3 Bb4 4. Qc2 c5 5. dxc5 Na6 6. Nf3 Nxc5 7. a3 Bxc3+ 8.
Qxc3 O-O 9. Bg5 b6 10. Bxf6 Qxf6 11. Qxf6 gxf6 12. b4 Ne4 13. e3 Ba6 14. Bd3
Nd6 15. Nd2 Rac8 16. b5 Bb7 17. a4 f5 18. O-O Rc7 19. f3 Kg7 20. Rfc1 Rfc8 21.
Rc2 Ba8 22. a5 Nb7 23. axb6 axb6 24. Nb3 Nc5 25. Nxc5 Rxc5 26. Ra6 d5 27. cxd5
Rxc2 28. Bxc2 Bxd5 29. Bd3 Rc3 30. Bf1 Rxe3 31. Rxb6 Rb3 32. Ra6 Kf6 33. f4 Rb4
34. g3 Rb2 35. Ra3 h5 1/2-1/2

[Event "Europa ch s-16"]
[Site "Herceg Novi MNE"]
[Date "2008.09.18"]
[Round "4.15"]
[White "Lyaskovsky, Viktor"]
[Black "Nijs, Nils"]
[Result "1-0"]
[WhiteElo "2289"]
[BlackElo "2150"]
[PlyCount "123"]
[EventDate "2008.09.15"]
[EventType "swiss"]
[EventRounds "9"]
[Source "lmi"]
[SourceDate "2008.09.15"]

1. e4 c5 2. Nf3 d6 3. d4 cxd4 4. Nxd4 Nf6 5. Nc3 g6 6. Be3 Bg7 7. f3 O-O 8. Qd2
Nc6 9. Bc4 Bd7 10. O-O-O Rc8 11. Bb3 Ne5 12. Kb1 Re8 13. g4 b5 14. g5 b4 15.
Nce2 Nh5 16. Ng3 a5 17. Nxh5 gxh5 18. Nf5 a4 19. Bd5 Bxf5 20. exf5 e6 21. fxe6
fxe6 22. f4 Ng4 23. Bb7 Nxe3 24. Qxe3 Rc7 25. Be4 Qe7 26. Qd3 Bh8 27. f5 exf5
28. Bd5+ Kg7 29. Rhf1 Qe5 30. Rxf5 Qe2 31. Qd4+ Re5 32. Rf2 Qe3 33. Qxe3 Rxe3
34. Rf4 Rc5 35. Kc1 a3 36. Rxb4 axb2+ 37. Rxb2 Kg6 38. Rb8 Be5 39. Rg8+ Kf5 40.
Bb3 Bxh2 41. Rg7 Bf4 42. Kb1 Kg4 43. Rxh7 Rxg5 44. Rh1 Bg3 45. a4 h4 46. Rh6
Kf3 47. Ka2 Kg2 48. R1xh4 Bxh4 49. Rxh4 Rg6 50. Bc4 Kg3 51. Rd4 Rg4 52. Rxg4+
Kxg4 53. a5 Rc3 54. Bd3 Rc5 55. a6 Kf4 56. Kb3 Ra5 57. Kb4 Ra1 58. Kb5 Ke3 59.
Kb6 Kd2 60. a7 Rb1+ 61. Bb5 Ra1 62. Ba6 1-0

[Event "Europa ch s-16"]
[Site "Herceg Novi MNE"]
[Date "2008.09.18"]
[Round "4.16"]
[White "Janiashvili, Irakli"]
[Black "Petenyi, Tamas"]
[Result "1/2-1/2"]
[WhiteElo "2192"]
[BlackElo "2289"]
[PlyCount "72"]
[EventDate "2008.09.15"]
[EventType "swiss"]
[EventRounds "9"]
[Source "lmi"]
[SourceDate "2008.09.15"]

1. e4 e5 2. Nf3 Nc6 3. Bb5 a6 4. Ba4 Nf6 5. d3 d6 6. c4 g6 7. h3 Bg7 8. O-O O-O
9. Nc3 Nd4 10. Nxd4 exd4 11. Ne2 c5 12. b4 Bd7 13. bxc5 dxc5 14. Rb1 b5 15.
cxb5 Qe8 16. Bg5 axb5 17. Bb3 c4 18. Bxf6 Bxf6 19. dxc4 bxc4 20. Bxc4 Qxe4 21.
Ng3 Qf4 22. Re1 Rab8 23. Qd3 Rxb1 24. Rxb1 Rb8 25. Rxb8+ Qxb8 26. Qf3 Kg7 27.
Bb3 Qe8 28. Ne4 Be5 29. Bd5 Qe7 30. g4 f6 31. Nd2 Qb4 32. Nc4 Bb5 33. Qb3 Qxb3
34. axb3 Bf4 35. Kf1 d3 36. Be4 Bxc4 1/2-1/2

[Event "Europa ch s-16"]
[Site "Herceg Novi MNE"]
[Date "2008.09.18"]
[Round "4.17"]
[White "Biryukov, Alexander"]
[Black "Baron, Tal"]
[Result "1-0"]
[WhiteElo "2138"]
[BlackElo "2285"]
[PlyCount "103"]
[EventDate "2008.09.15"]
[EventType "swiss"]
[EventRounds "9"]
[Source "lmi"]
[SourceDate "2008.09.15"]

1. d4 Nf6 2. Nf3 g6 3. c4 Bg7 4. Nc3 d5 5. e3 O-O 6. Bd2 e6 7. Rc1 Qe7 8. cxd5
exd5 9. b4 Bg4 10. Be2 Nc6 11. b5 Bxf3 12. gxf3 Nd8 13. Qb3 Ne6 14. Nxd5 Nxd5
15. Qxd5 Rfe8 16. Qc4 Rad8 17. d5 Qd6 18. dxe6 Qxd2+ 19. Kf1 fxe6 20. Rd1 Qb2
21. Rxd8 Rxd8 22. Qxe6+ Kh8 23. Bc4 Bf6 24. h4 Kg7 25. h5 Rd1+ 26. Kg2 Rxh1 27.
Kxh1 Qe5 28. Qxe5 Bxe5 29. f4 Bd6 30. hxg6 hxg6 31. Kg2 c6 32. bxc6 bxc6 33.
Kf3 Bc5 34. Bb3 Be7 35. Ba4 c5 36. Bb3 Bh4 37. e4 Kf6 38. e5+ Kg7 39. Ke3 Kf8
40. f3 Bg3 41. Ke4 Ke7 42. f5 gxf5+ 43. Kxf5 Bh4 44. Ke4 Kd7 45. f4 Kc6 46. Bc4
Kb6 47. f5 Ka5 48. Kd5 Kb4 49. Ba6 Ka5 50. Be2 Kb4 51. f6 a5 52. Ke6 1-0

[Event "Europa ch s-16"]
[Site "Herceg Novi MNE"]
[Date "2008.09.18"]
[Round "4.18"]
[White "Kamali, Mehran"]
[Black "Lorand, Norbert"]
[Result "0-1"]
[WhiteElo "2035"]
[BlackElo "2273"]
[PlyCount "104"]
[EventDate "2008.09.15"]
[EventType "swiss"]
[EventRounds "9"]
[Source "lmi"]
[SourceDate "2008.09.15"]

1. e4 c6 2. d4 d5 3. Nd2 dxe4 4. Nxe4 Bf5 5. Ng3 Bg6 6. h4 h6 7. Nh3 e6 8. Nf4
Bh7 9. Bc4 Nf6 10. c3 Bd6 11. Nfh5 Rg8 12. Qe2 Nbd7 13. Bf4 Bxf4 14. Nxf4 Qe7
15. O-O-O O-O-O 16. Bd3 Bxd3 17. Rxd3 Qd6 18. Qd2 Nb6 19. b3 c5 20. dxc5 Qxc5
21. Rd1 Rxd3 22. Nxd3 Qc7 23. Nb4 Nbd7 24. Kb2 Nc5 25. Qd4 Rd8 26. Qxd8+ Qxd8
27. Rxd8+ Kxd8 28. f3 a5 29. Nc2 Nd3+ 30. Ka3 Nd5 31. b4 axb4+ 32. Nxb4 N5xb4
33. cxb4 Nf4 34. Ne4 Nxg2 35. Nd6 Ke7 36. Nxb7 Nxh4 37. Ka4 Nxf3 38. Kb5 h5 39.
a4 h4 40. a5 h3 41. a6 h2 42. a7 h1=Q 43. a8=Q Nd4+ 44. Kc4 Qd5+ 45. Kc3 Nb5+
46. Kc2 Qc4+ 47. Kd1 Nc3+ 48. Kc1 Ne4+ 49. Kd1 Qd3+ 50. Kc1 Qd2+ 51. Kb1 Nc3+
52. Ka1 Qc1# 0-1

[Event "Europa ch s-16"]
[Site "Herceg Novi MNE"]
[Date "2008.09.18"]
[Round "4.19"]
[White "Sinitsin, Roman"]
[Black "Subirats Ruiz, Sergi"]
[Result "1/2-1/2"]
[WhiteElo "2258"]
[BlackElo "2054"]
[PlyCount "50"]
[EventDate "2008.09.15"]
[EventType "swiss"]
[EventRounds "9"]
[Source "lmi"]
[SourceDate "2008.09.15"]

1. d4 Nf6 2. c4 g6 3. Nc3 d5 4. cxd5 Nxd5 5. Bd2 Nb6 6. Nf3 Bg7 7. Bf4 O-O 8.
Rc1 c5 9. Nb5 Na6 10. e3 Nd5 11. Bg3 cxd4 12. Nbxd4 e5 13. Nb3 e4 14. Nfd4 Nac7
15. Qc2 Ne6 16. Nb5 f5 17. Bd6 Rf7 18. Bc4 Nb6 19. Nc5 Nxc4 20. Qxc4 Bxb2 21.
Rd1 Qa5+ 22. Ke2 Nxc5 23. Qxc5 Qxa2 24. Rd2 Be6 25. Rc1 Qb3 1/2-1/2

[Event "Europa ch s-16"]
[Site "Herceg Novi MNE"]
[Date "2008.09.18"]
[Round "4.20"]
[White "Pohjala, Henri"]
[Black "Janczarski, Michal"]
[Result "1/2-1/2"]
[WhiteElo "2035"]
[BlackElo "2238"]
[PlyCount "58"]
[EventDate "2008.09.15"]
[EventType "swiss"]
[EventRounds "9"]
[Source "lmi"]
[SourceDate "2008.09.15"]

1. d4 d5 2. c4 e6 3. Nc3 c6 4. e4 dxe4 5. Nxe4 Bb4+ 6. Bd2 Qxd4 7. Bxb4 Qxe4+
8. Be2 Na6 9. Bd6 b6 10. Qd2 Bb7 11. O-O-O O-O-O 12. Qc3 f6 13. Bf3 Qg6 14. Ne2
Nh6 15. Qa3 Qg5+ 16. Kb1 Qf5+ 17. Kc1 c5 18. Rd2 e5 19. Ng3 Qd7 20. Rhd1 Qf7
21. Qa4 Bxf3 22. gxf3 Nb4 23. Kb1 Qb7 24. Ne4 Nf7 25. Bxc5 bxc5 26. Nxc5 Qb6
27. Nd7 Qb7 28. Nc5 Qb6 29. Nd7 Qb7 1/2-1/2

[Event "Europa ch s-16"]
[Site "Herceg Novi MNE"]
[Date "2008.09.18"]
[Round "4.21"]
[White "Mocanu, Sergiu"]
[Black "Heimann, Andreas"]
[Result "0-1"]
[WhiteElo "2093"]
[BlackElo "2433"]
[PlyCount "80"]
[EventDate "2008.09.15"]
[EventType "swiss"]
[EventRounds "9"]
[Source "lmi"]
[SourceDate "2008.09.15"]

1. d4 Nf6 2. c4 g6 3. Nc3 Bg7 4. e4 d6 5. Be2 O-O 6. Bg5 a6 7. Qd2 c5 8. dxc5
dxc5 9. Qxd8 Rxd8 10. e5 Nfd7 11. Bxe7 Re8 12. Nd5 Nxe5 13. O-O-O Be6 14. Bxc5
Nbd7 15. Bd6 Rac8 16. Ne7+ Rxe7 17. Bxe7 Nxc4 18. Bxc4 Rxc4+ 19. Kb1 Bf5+ 20.
Ka1 Rc2 21. Ba3 b5 22. Nf3 b4 23. Nd4 Bxd4 24. Rxd4 bxa3 25. b3 Rxf2 26. g4 Be6
27. Ra4 Nc5 28. Rxa3 Bxg4 29. b4 Ne6 30. Rxa6 Nd4 31. Rc1 Nc2+ 32. Rxc2 Rxc2
33. b5 Bf5 34. a4 Be4 35. a5 f5 36. b6 f4 37. Ra7 f3 38. b7 Bxb7 39. Rxb7 f2
40. Rb1 Re2 0-1

[Event "Europa ch s-16"]
[Site "Herceg Novi MNE"]
[Date "2008.09.18"]
[Round "4.22"]
[White "Martin Fuentes, Alberto"]
[Black "Rombaldoni, Axel"]
[Result "0-1"]
[WhiteElo "2124"]
[BlackElo "2374"]
[PlyCount "96"]
[EventDate "2008.09.15"]
[EventType "swiss"]
[EventRounds "9"]
[Source "lmi"]
[SourceDate "2008.09.15"]

1. e4 c5 2. Nc3 a6 3. g3 b5 4. Bg2 Bb7 5. f4 e6 6. d3 Nf6 7. Nf3 d5 8. e5 d4 9.
exf6 dxc3 10. fxg7 Bxg7 11. b3 Nc6 12. O-O Ne7 13. Qe2 Qc7 14. Ng5 Bd4+ 15. Be3
Bxg2 16. Kxg2 Qc6+ 17. Kg1 Nf5 18. Bxd4 Nxd4 19. Qe5 Rg8 20. Qf6 Qd7 21. Nxh7
Qb7 22. Qe5 O-O-O 23. Qxc5+ Kb8 24. Qe5+ Ka8 25. Nf6 Rg6 26. Ne4 Nxc2 27. Rac1
Nd4 28. Nxc3 Nf3+ 29. Rxf3 Qxf3 30. Qe4+ Qxe4 31. Nxe4 Rxd3 32. Rc7 f5 33. Nc5
Rd1+ 34. Kf2 Rd2+ 35. Kg1 Rxa2 36. Nd3 Kb8 37. Re7 Rg8 38. Nb4 Ra1+ 39. Kg2 Rc8
40. Rxe6 a5 41. Nc6+ Kb7 42. Nd4 Ra2+ 43. Ne2 a4 44. bxa4 bxa4 45. Kf3 Ra3+ 46.
Kg2 Rc2 47. Kh3 Raa2 48. Re7+ Kc8 0-1

[Event "Europa ch s-16"]
[Site "Herceg Novi MNE"]
[Date "2008.09.18"]
[Round "4.23"]
[White "Yaksin, Oleg"]
[Black "Freidzon, Dani"]
[Result "1-0"]
[WhiteElo "2307"]
[BlackElo "2115"]
[PlyCount "83"]
[EventDate "2008.09.15"]
[EventType "swiss"]
[EventRounds "9"]
[Source "lmi"]
[SourceDate "2008.09.15"]

1. e4 c5 2. Nf3 d6 3. d4 cxd4 4. Nxd4 Nf6 5. Nc3 g6 6. Be2 Bg7 7. O-O O-O 8.
Bg5 Nc6 9. Nb3 h6 10. Bh4 a6 11. a4 Rb8 12. Re1 Be6 13. Bf1 Bxb3 14. cxb3 g5
15. Bg3 e5 16. Bc4 Nd4 17. Ne2 Nxe4 18. Nxd4 Nxg3 19. Nc2 Nf5 20. Qf3 Ne7 21.
Rad1 b5 22. axb5 axb5 23. Bd5 Nxd5 24. Rxd5 f5 25. Red1 e4 26. Qe2 Qc7 27. Ne3
Be5 28. g4 fxg4 29. Nxg4 Qh7 30. Rxb5 Rxb5 31. Qxb5 Bg7 32. Rxd6 e3 33. Nxe3
Qb1+ 34. Kg2 Qe4+ 35. Kg1 Qb1+ 36. Rd1 Qxb2 37. Qd5+ Kh8 38. Rd2 Qb1+ 39. Kg2
Rb8 40. Nf5 Bc3 41. Qe6 Qxb3 42. Rd8+ 1-0

[Event "Europa ch s-16"]
[Site "Herceg Novi MNE"]
[Date "2008.09.18"]
[Round "4.24"]
[White "Silva, Miguel Alexandre Go"]
[Black "Strunski, Andreas"]
[Result "0-1"]
[WhiteElo "2074"]
[BlackElo "2294"]
[PlyCount "58"]
[EventDate "2008.09.15"]
[EventType "swiss"]
[EventRounds "9"]
[Source "lmi"]
[SourceDate "2008.09.15"]

1. e4 c5 2. Nf3 e6 3. d3 Nc6 4. g3 g6 5. Bg2 Bg7 6. O-O Nge7 7. c3 d5 8. Qe2
O-O 9. Nbd2 e5 10. Nb3 b6 11. exd5 Nxd5 12. d4 exd4 13. cxd4 Re8 14. Qd1 Ba6
15. Re1 Rxe1+ 16. Qxe1 cxd4 17. Qe4 Qd7 18. Qh4 Re8 19. Bh6 Bxh6 20. Qxh6 d3
21. Rc1 Ne5 22. Ng5 Nf6 23. Nd2 Neg4 24. Qh4 Qd4 25. Nde4 d2 26. Rd1 Rxe4 27.
Nxe4 Nxe4 28. Qxg4 Qxf2+ 29. Kh1 Qe1+ 0-1

[Event "Europa ch s-16"]
[Site "Herceg Novi MNE"]
[Date "2008.09.18"]
[Round "4.25"]
[White "Senlle Caride, Miguel"]
[Black "Meurs, Tom"]
[Result "1-0"]
[WhiteElo "2289"]
[BlackElo "2084"]
[PlyCount "77"]
[EventDate "2008.09.15"]
[EventType "swiss"]
[EventRounds "9"]
[Source "lmi"]
[SourceDate "2008.09.15"]

1. e4 e5 2. Nf3 Nc6 3. Bb5 a6 4. Ba4 Nf6 5. O-O Nxe4 6. d4 b5 7. Bb3 d5 8. dxe5
Be6 9. Nbd2 Be7 10. c3 O-O 11. Bc2 f5 12. Nb3 Qd7 13. Nfd4 Nxd4 14. Nxd4 c5 15.
Nxe6 Qxe6 16. f3 Ng5 17. a4 Rad8 18. axb5 axb5 19. Ra7 Rd7 20. Rxd7 Qxd7 21. b4
c4 22. Be3 Ne6 23. Qd2 g6 24. Rd1 Rd8 25. Bb6 Rb8 26. Ba5 d4 27. cxd4 Bg5 28.
Qf2 Nf4 29. d5 Nxd5 30. f4 Bd8 31. Qc5 Bxa5 32. bxa5 Rd8 33. a6 Kg7 34. a7 Qb7
35. e6 b4 36. e7 Re8 37. Rxd5 b3 38. Bb1 Kh6 39. Rd8 1-0

[Event "Europa ch s-16"]
[Site "Herceg Novi MNE"]
[Date "2008.09.18"]
[Round "4.26"]
[White "Kanmazalp, Ogulcan"]
[Black "Mordechai, Hanan"]
[Result "0-1"]
[WhiteElo "2281"]
[BlackElo "2072"]
[PlyCount "58"]
[EventDate "2008.09.15"]
[EventType "swiss"]
[EventRounds "9"]
[Source "lmi"]
[SourceDate "2008.09.15"]

1. e4 c5 2. Nc3 Nc6 3. Nf3 g6 4. d4 cxd4 5. Nxd4 Bg7 6. Be3 d6 7. Bc4 Nf6 8. f3
O-O 9. Bb3 Bd7 10. h4 Ne5 11. Qd2 b5 12. Ndxb5 Qc8 13. Qe2 Be6 14. Nd4 Bc4 15.
Qd2 d5 16. f4 Neg4 17. e5 Ne4 18. Nxe4 dxe4 19. Bg1 Bxb3 20. axb3 f6 21. e6 f5
22. Qc3 Qb8 23. g3 Rc8 24. Qd2 Qb7 25. O-O-O Rd8 26. c3 Rac8 27. Kb1 e3 28.
Bxe3 Qe4+ 29. Ka2 Rd6 0-1

[Event "Europa ch s-16"]
[Site "Herceg Novi MNE"]
[Date "2008.09.18"]
[Round "4.29"]
[White "Nestorovic, Lazar"]
[Black "De Schampheleire, Glen"]
[Result "1-0"]
[WhiteElo "2269"]
[BlackElo "1969"]
[PlyCount "67"]
[EventDate "2008.09.15"]
[EventType "swiss"]
[EventRounds "9"]
[Source "lmi"]
[SourceDate "2008.09.15"]

1. e4 c5 2. Nf3 d6 3. d4 cxd4 4. Nxd4 Nf6 5. Nc3 a6 6. Qf3 Qb6 7. Nb3 g6 8. h3
Bg7 9. Be3 Qc7 10. O-O-O Nc6 11. g4 Be6 12. g5 Nd7 13. Qg3 Rc8 14. Kb1 b5 15.
f4 Nb6 16. Bd3 Na4 17. Nd5 Bxd5 18. exd5 Nb4 19. Bd4 Bxd4 20. Nxd4 O-O 21. Be4
a5 22. f5 Nb6 23. h4 Qc4 24. b3 Qc5 25. fxg6 hxg6 26. h5 N6xd5 27. Bxd5 Nxd5
28. c4 bxc4 29. hxg6 cxb3 30. Rh8+ Kg7 31. Nf5+ Kxg6 32. Rh6+ Kxf5 33. Rf1+ Ke4
34. Rh4+ 1-0

[Event "Europa ch s-16"]
[Site "Herceg Novi MNE"]
[Date "2008.09.18"]
[Round "4.30"]
[White "Stips, Felix"]
[Black "Firat, Burak"]
[Result "0-1"]
[WhiteElo "2061"]
[BlackElo "2219"]
[PlyCount "98"]
[EventDate "2008.09.15"]
[EventType "swiss"]
[EventRounds "9"]
[Source "lmi"]
[SourceDate "2008.09.15"]

1. Nf3 d5 2. d4 Nf6 3. c4 c6 4. e3 e6 5. Nbd2 Nbd7 6. Bd3 c5 7. O-O Be7 8. b3
O-O 9. Bb2 b6 10. e4 dxe4 11. Nxe4 Bb7 12. Qe2 cxd4 13. Bxd4 Qc7 14. Rad1 e5
15. Bb2 Nh5 16. Bb1 f5 17. Ng3 Nxg3 18. hxg3 Bxf3 19. gxf3 Bc5 20. Kg2 Rf7 21.
Rd5 Re8 22. Rfd1 e4 23. a3 a5 24. Kh2 Nf8 25. Qe1 Ng6 26. Kh1 Qe7 27. fxe4 fxe4
28. Bd4 Bxa3 29. Bxb6 Qe6 30. Rd8 Rfe7 31. Rxe8+ Rxe8 32. Rd8 Rxd8 33. Bxd8
Qh3+ 34. Kg1 Bc5 35. Bc7 e3 36. fxe3 Nh4 37. Be4 Qg4 38. Bd5+ Kh8 39. Qf2 h5
40. Kh2 Nf5 41. Qf3 Nxe3 42. Bxa5 Qg5 43. Be6 Ng4+ 44. Bxg4 hxg4 45. Qa8+ Kh7
46. Qe4+ Kh8 47. Qa8+ Kh7 48. Qd8 Qf5 49. Qd2 Qh5+ 0-1

[Event "Europa ch s-16"]
[Site "Herceg Novi MNE"]
[Date "2008.09.18"]
[Round "4.33"]
[White "Zubaidullin, Rustam"]
[Black "Matveev, Vladimir"]
[Result "0-1"]
[WhiteElo "1929"]
[BlackElo "2187"]
[PlyCount "80"]
[EventDate "2008.09.15"]
[EventType "swiss"]
[EventRounds "9"]
[Source "lmi"]
[SourceDate "2008.09.15"]

1. e4 d6 2. d4 Nf6 3. Nc3 g6 4. Bg5 Bg7 5. Qd2 c6 6. Bh6 O-O 7. Bxg7 Kxg7 8.
O-O-O b5 9. f3 Qa5 10. Kb1 e5 11. dxe5 dxe5 12. g4 b4 13. Nce2 Be6 14. Nc1 h5
15. gxh5 Nxh5 16. Nge2 Nd7 17. Rg1 Rad8 18. Qg5 Ndf6 19. Nd4 Nf4 20. Nf5+ Bxf5
21. Rxd8 Rxd8 22. exf5 Rd1 23. fxg6 fxg6 24. Bd3 Rxg1 25. Qxg1 Qb6 26. Qxb6
axb6 27. Bf1 N6d5 28. Nd3 Ne3 29. Nxf4 exf4 30. Bh3 Kf6 31. Kc1 Ke5 32. c3 bxc3
33. bxc3 g5 34. Kd2 c5 35. Kc1 Kd5 36. Kd2 Nc4+ 37. Kd3 Ne5+ 38. Ke2 Kc4 39.
Be6+ Kxc3 40. h3 b5 0-1

[Event "Europa ch s-16"]
[Site "Herceg Novi MNE"]
[Date "2008.09.18"]
[Round "4.36"]
[White "Tamazyan, Haik"]
[Black "Skrinjar, Matic"]
[Result "1-0"]
[WhiteElo "2139"]
[BlackElo "1867"]
[PlyCount "61"]
[EventDate "2008.09.15"]
[EventType "swiss"]
[EventRounds "9"]
[Source "lmi"]
[SourceDate "2008.09.15"]

1. e4 e5 2. Nf3 Nc6 3. Bb5 a6 4. Ba4 Nf6 5. O-O b5 6. Bb3 Bc5 7. d3 d6 8. c3
Bg4 9. h3 Bh5 10. Nbd2 O-O 11. Re1 Re8 12. Nf1 Ne7 13. Bg5 Bxf3 14. Qxf3 Ng6
15. Ng3 h6 16. Bxf6 Qxf6 17. Qxf6 gxf6 18. Nh5 Re7 19. Nxf6+ Kh8 20. g3 c6 21.
h4 Rb7 22. Rad1 Nf8 23. d4 exd4 24. cxd4 Bb6 25. Kg2 Nd7 26. Ng4 Kg7 27. Ne3
Bc7 28. Nf5+ Kh7 29. Ne7 c5 30. dxc5 Re8 31. c6 1-0

[Event "Europa ch s-16"]
[Site "Herceg Novi MNE"]
[Date "2008.09.18"]
[Round "4.43"]
[White "Arvola, Benjamin"]
[Black "Vasques, Antonio Pedro Freix"]
[Result "1/2-1/2"]
[WhiteElo "2105"]
[BlackElo "1897"]
[PlyCount "56"]
[EventDate "2008.09.15"]
[EventType "swiss"]
[EventRounds "9"]
[Source "lmi"]
[SourceDate "2008.09.15"]

1. e4 c5 2. Nf3 d6 3. d4 cxd4 4. Nxd4 Nf6 5. Nc3 a6 6. Be3 Ng4 7. Bg5 h6 8. Bh4
g5 9. Bg3 Bg7 10. h3 Ne5 11. Nf5 Bxf5 12. exf5 Nbc6 13. Nd5 Qa5+ 14. c3 e6 15.
fxe6 fxe6 16. Ne3 O-O-O 17. Be2 Kb8 18. O-O Ka8 19. a4 d5 20. b4 Qc7 21. Nc2 d4
22. cxd4 Nxd4 23. Nxd4 Qb6 24. Qe1 Rxd4 25. Bxe5 Bxe5 26. Bxa6 Bd6 27. Bb5 Bxb4
28. Qe5 Rhd8 1/2-1/2

[Event "Europa ch s-16"]
[Site "Herceg Novi MNE"]
[Date "2008.09.18"]
[Round "4.50"]
[White "Sen, Subin"]
[Black "Rozic, Samo"]
[Result "1/2-1/2"]
[WhiteElo "2050"]
[BlackElo "1912"]
[PlyCount "50"]
[EventDate "2008.09.15"]
[EventType "swiss"]
[EventRounds "9"]
[Source "lmi"]
[SourceDate "2008.09.15"]

1. Nf3 d5 2. d4 Nf6 3. c4 c6 4. Qc2 dxc4 5. Qxc4 Bf5 6. g3 e6 7. Bg2 Nbd7 8.
O-O Be7 9. Nc3 O-O 10. e3 Ne4 11. Rd1 Nxc3 12. bxc3 Be4 13. Qe2 Qc7 14. Nd2
Bxg2 15. Kxg2 c5 16. Nb3 c4 17. Nd2 b5 18. a4 a6 19. Ba3 Nb6 20. Bxe7 Qxe7 21.
axb5 axb5 22. Ne4 Na4 23. Qc2 f5 24. Nd2 e5 25. Kg1 exd4 1/2-1/2

[Event "Europa ch s-16"]
[Site "Herceg Novi MNE"]
[Date "2008.09.19"]
[Round "5.1"]
[White "Grandelius, Nils"]
[Black "Ter-Sahakyan, Samvel"]
[Result "1/2-1/2"]
[WhiteElo "2366"]
[BlackElo "2480"]
[PlyCount "61"]
[EventDate "2008.09.15"]
[EventType "swiss"]
[EventRounds "9"]
[Source "lmi"]
[SourceDate "2008.09.15"]

1. e4 c5 2. Nf3 d6 3. d4 cxd4 4. Nxd4 Nf6 5. Nc3 a6 6. Be3 e5 7. Nb3 Be7 8. f3
Be6 9. Qd2 O-O 10. O-O-O Nbd7 11. g4 b5 12. g5 b4 13. Ne2 Ne8 14. f4 a5 15. f5
a4 16. Nbd4 exd4 17. Nxd4 b3 18. Kb1 bxc2+ 19. Nxc2 Bb3 20. axb3 axb3 21. Na3
Ne5 22. h4 Ra4 23. Rh3 Qa8 24. Qd5 Rxa3 25. bxa3 Qxa3 26. Qd2 Nf6 27. gxf6 Bxf6
28. Bd4 Nf3 29. Qb2 Qa2+ 30. Qxa2 bxa2+ 31. Kxa2 1/2-1/2

[Event "Europa ch s-16"]
[Site "Herceg Novi MNE"]
[Date "2008.09.19"]
[Round "5.2"]
[White "Prohaszka, Peter"]
[Black "Mazur, Stefan"]
[Result "1-0"]
[WhiteElo "2509"]
[BlackElo "2237"]
[PlyCount "61"]
[EventDate "2008.09.15"]
[EventType "swiss"]
[EventRounds "9"]
[Source "lmi"]
[SourceDate "2008.09.15"]

1. d4 d5 2. Nf3 Nf6 3. c4 c6 4. Nc3 e6 5. g3 dxc4 6. Bg2 Nbd7 7. O-O b5 8. e4
Bb7 9. e5 Nd5 10. Ng5 Be7 11. Qh5 g6 12. Qh6 Bf8 13. Qh3 Nxc3 14. bxc3 Be7 15.
Ne4 Qb6 16. a4 a5 17. Bg5 Bxg5 18. Nxg5 c5 19. d5 Nxe5 20. Rae1 f6 21. Nxe6 Bc8
22. f4 Nd3 23. Ng5+ Nxe1 24. Rxe1+ Kd8 25. Nf7+ Kc7 26. d6+ Qxd6 27. Nxd6 Bxh3
28. Nxb5+ Kb6 29. Bxh3 Rhe8 30. Rb1 Re2 31. Nd4+ 1-0

[Event "Europa ch s-16"]
[Site "Herceg Novi MNE"]
[Date "2008.09.19"]
[Round "5.3"]
[White "Valsecchi, Alessio"]
[Black "Nyzhnyk, Illya"]
[Result "0-1"]
[WhiteElo "2298"]
[BlackElo "2428"]
[PlyCount "64"]
[EventDate "2008.09.15"]
[EventType "swiss"]
[EventRounds "9"]
[Source "lmi"]
[SourceDate "2008.09.15"]

1. e4 c6 2. d4 d5 3. e5 Bf5 4. Nf3 e6 5. Be2 c5 6. Be3 Qb6 7. Nc3 Nc6 8. O-O c4
9. b3 Qa5 10. Nxd5 Qxd5 11. bxc4 Qa5 12. d5 O-O-O 13. dxc6 Rxd1 14. cxb7+ Kb8
15. Rfxd1 Bb4 16. a3 Be7 17. Rab1 Be4 18. Nd4 Nh6 19. Nb5 Rd8 20. Rxd8+ Bxd8
21. Nd6 Bxc2 22. Rb2 Nf5 23. Bxa7+ Qxa7 24. Rxc2 Nxd6 25. exd6 Qc5 26. Bf3 Qxd6
27. c5 Qd3 28. Rc1 Bc7 29. Rd1 Qxa3 30. c6 g5 31. Bh5 f5 32. g3 Bb6 0-1

[Event "Europa ch s-16"]
[Site "Herceg Novi MNE"]
[Date "2008.09.19"]
[Round "5.4"]
[White "Pavlidis, Antonios"]
[Black "Sivuk, Vitaly"]
[Result "1/2-1/2"]
[WhiteElo "2266"]
[BlackElo "2324"]
[PlyCount "72"]
[EventDate "2008.09.15"]
[EventType "swiss"]
[EventRounds "9"]
[Source "lmi"]
[SourceDate "2008.09.15"]

1. e4 c5 2. Nf3 d6 3. d4 cxd4 4. Nxd4 Nf6 5. Nc3 g6 6. Be3 Bg7 7. f3 O-O 8. Qd2
Nc6 9. O-O-O Bd7 10. h4 h5 11. g4 hxg4 12. h5 Nxh5 13. Nf5 Bxf5 14. exf5 Ng3
15. Qh2 Nxh1 16. fxg6 fxg6 17. Bc4+ Rf7 18. Rxh1 e6 19. Bxe6 Qf6 20. Bxf7+ Kxf7
21. fxg4 Rh8 22. Qg2 Rxh1+ 23. Qxh1 Qe6 24. Qf3+ Kg8 25. Bd2 Bxc3 26. Bxc3 d5
27. b3 d4 28. Bd2 Qe5 29. Bf4 Qe6 30. Bd2 a6 31. Qf4 Qe5 32. Qf3 d3 33. c3 Qd6
34. Qe4 Kf7 35. Qf3+ Kg8 36. Qe4 Kf7 1/2-1/2

[Event "Europa ch s-16"]
[Site "Herceg Novi MNE"]
[Date "2008.09.19"]
[Round "5.5"]
[White "Bregadze, Levan"]
[Black "Lyaskovsky, Viktor"]
[Result "1/2-1/2"]
[WhiteElo "2399"]
[BlackElo "2289"]
[PlyCount "74"]
[EventDate "2008.09.15"]
[EventType "swiss"]
[EventRounds "9"]
[Source "lmi"]
[SourceDate "2008.09.15"]

1. d4 Nf6 2. c4 g6 3. Nc3 Bg7 4. e4 d6 5. Nf3 O-O 6. h3 Na6 7. Bg5 e5 8. d5 Qe8
9. Be2 Nh5 10. g3 f5 11. exf5 gxf5 12. Nh4 Nf6 13. Qc2 Nb4 14. Qb3 a5 15. a3
Na6 16. Qc2 e4 17. O-O-O Bd7 18. Rhg1 Nc5 19. Kb1 Rb8 20. g4 fxg4 21. hxg4 Nd3
22. Rxd3 exd3 23. Bxd3 Rf7 24. Bxf6 Bxf6 25. g5 Bxc3 26. g6 hxg6 27. Bxg6 Bg7
28. Ka2 b5 29. Bh7+ Kh8 30. Ng6+ Kxh7 31. Ne7+ Bf5 32. Rh1+ Bh6 33. Nxf5 Rxf5
34. Qxf5+ Qg6 35. Qd7+ Qg7 36. Qf5+ Qg6 37. Qd7+ Qg7 1/2-1/2

[Event "Europa ch s-16"]
[Site "Herceg Novi MNE"]
[Date "2008.09.19"]
[Round "5.6"]
[White "Lorand, Norbert"]
[Black "Alonso Rosell, Alvar"]
[Result "1/2-1/2"]
[WhiteElo "2273"]
[BlackElo "2393"]
[PlyCount "73"]
[EventDate "2008.09.15"]
[EventType "swiss"]
[EventRounds "9"]
[Source "lmi"]
[SourceDate "2008.09.15"]

1. e4 c5 2. Nf3 d6 3. d4 cxd4 4. Nxd4 Nf6 5. Nc3 a6 6. f3 e5 7. Nb3 Be6 8. Be3
Be7 9. Qd2 O-O 10. O-O-O a5 11. a4 Nc6 12. g4 Nb4 13. g5 Ne8 14. h4 Nc7 15. Bb6
Qb8 16. Kb1 d5 17. Bxc7 Qxc7 18. Nxd5 Nxd5 19. exd5 Bxd5 20. Be2 Rfd8 21. Qe3
Rac8 22. Rc1 Bc6 23. Bd3 g6 24. h5 Bf8 25. hxg6 hxg6 26. Rh4 Bg7 27. Rch1 e4
28. Bxe4 Qe5 29. c3 Bxa4 30. Nd4 Bc6 31. Nxc6 bxc6 32. f4 Qe6 33. f5 gxf5 34.
Qh3 Qe5 35. Bxf5 Rb8 36. g6 Kf8 37. Rh7 1/2-1/2